Supply Chain Management:Strategy, Cases and Best Practices : (Record no. 593572)

MARC details
000 -LEADER
fixed length control field 00468nam a2200181 a 4500
008 - FIXED-LENGTH DATA ELEMENTS--GENERAL INFORMATION
fixed length control field 251025s2010##################000#0#eng##
020 ## - INTERNATIONAL STANDARD BOOK NUMBER
ISBN 9780230328723
082 04 - DEWEY DECIMAL CLASSIFICATION NUMBER
Classification number 658.7
Item number AGR
100 1# - MAIN ENTRY--AUTHOR NAME
Personal name Agarwal, D K,
245 10 - TITLE STATEMENT
Title Supply Chain Management:Strategy, Cases and Best Practices :
260 ## - PUBLICATION, DISTRIBUTION, ETC. (IMPRINT)
Name of publisher Macmillan,
Year of publication 2010.
300 ## - PHYSICAL DESCRIPTION
Number of Pages 452 pages
942 ## - ADDED ENTRY ELEMENTS (KOHA)
Koha item type English Books
Holdings
Withdrawn status Lost status Damaged status Not for loan Home library Current library Shelving location Date acquired Full call number Accession Number Price effective from Koha item type
        Anna Centenary Library Anna Centenary Library 6TH FLOOR, B WING 25.10.2025 658.7 AGR 120235 25.10.2025 English Books

Find us on the map